100 ហេតុការណ៍នៃប្រវត្តិសាស្រ្តពិភពលោក / (Record no. 1720)
[ view plain ]
| 000 -LEADER | |
|---|---|
| fixed length control field | 03333nam a22003377a 4500 |
| 001 - CONTROL NUMBER | |
| control field | 1720 |
| 003 - CONTROL NUMBER IDENTIFIER | |
| control field | FISKH |
| 005 - DATE AND TIME OF LATEST TRANSACTION | |
| control field | 20231003161645.0 |
| 008 - FIXED-LENGTH DATA ELEMENTS--GENERAL INFORMATION | |
| fixed length control field | 230919b cb ||||| |||| 00| 0 khr d |
| 020 ## - INTERNATIONAL STANDARD BOOK NUMBER | |
| International Standard Book Number | 9789924341710 |
| 040 ## - CATALOGING SOURCE | |
| Original cataloging agency | FISKH |
| Language of cataloging | eng |
| Transcribing agency | FISKH |
| Modifying agency | FISKH |
| 082 ## - DEWEY DECIMAL CLASSIFICATION NUMBER | |
| Classification number | 902 |
| 100 ## - MAIN ENTRY--PERSONAL NAME | |
| Personal name | Yeyeong |
| 245 ## - TITLE STATEMENT | |
| Title | 100 ហេតុការណ៍នៃប្រវត្តិសាស្រ្តពិភពលោក / |
| Remainder of title | ពីសង្រ្គាមលោកលើកទី១ រហូតដល់ការរំលាយសហភាពសូវៀត : |
| Statement of responsibility, etc. | និពន្ធដោយ យេ យ៉ង, ស៊ីន ជេហ្វាន់ និង ឆាន់ ដុងហូ - គូររូបដោយ ស៊ីន ជេហ្វាន់ និង ឆង់ ដុហូ - បកប្រែពីភាសាកូរ៉េដោយ ទូច វណ្ដា |
| 260 ## - PUBLICATION, DISTRIBUTION, ETC. | |
| Place of publication, distribution, etc. | Phnom Penh : |
| Name of publisher, distributor, etc. | Sipar, |
| Date of publication, distribution, etc. | 2023. |
| 300 ## - PHYSICAL DESCRIPTION | |
| Extent | 116 pages : |
| Other physical details | color illustrations ; |
| Dimensions | 23 cm |
| 490 ## - SERIES STATEMENT | |
| Series statement | ខ្ញុំចង់ដឹង |
| Volume/sequential designation | 6 |
| 505 ## - FORMATTED CONTENTS NOTE | |
| Formatted contents note | Z'<br/> |
| 520 ## - SUMMARY, ETC. | |
| Summary, etc. | 100 ហេតុការណ៍ គឺជាការបកប្រែនៃស៊េរីសៀវភៅរូបភាពថ្លុកកំប្លែងដែលមើលឃើញរបស់កូរ៉េដែលមានចំណងជើងថា "100 ហេតុការណ៍: ប្រវត្តិសាស្រ្តនៃពិភពលោក"។ នៅក្នុងផ្នែកទី 6 នេះ មិត្តអ្នកអាននឹងដឹងពីព្រឹត្តិការណ៍ប្រវត្តិសាស្ត្រជាច្រើនដែលបានកើតឡើងនៅអឺរ៉ុប និងអាស៊ី ចាប់ពីការផ្ទុះឡើងនៃសង្គ្រាមលោកលើកទី 1 រហូតដល់ការរំលាយសហភាពសូវៀត រួមទាំងបដិវត្តន៍រុស្ស៊ី វិបត្តិសេដ្ឋកិច្ចពិភពលោក សង្គ្រាមលោកលើកទី 2 ការចុះចតនៃអាប៉ូឡូ 11 នៅលើព្រះច័ន្ទ និងព្រឹត្តិការណ៍ជាច្រើនទៀតពេញមួយសតវត្សទី 20 ។ |
| 520 ## - SUMMARY, ETC. | |
| Summary, etc. | 100 Scenes Series of comics is a translation of a Korean visuals book series entitled “100 Scenes Series: The History of the World”. In this 6th part, readers will know many historical events which took place in Europe and Asia, from the outbreak of World War I to the dissolution of the Soviet Union, including the Russian Revolution, the global economic crisis, World War II, the landing of Apollo 11 on the moon and many other events throughout the 20th century. |
| 521 8# - TARGET AUDIENCE NOTE | |
| Target audience note | 1060<br/> |
| Source | Lexile estimate<br/> |
| 521 8# - TARGET AUDIENCE NOTE | |
| Target audience note | Z'<br/> |
| Source | Raz-Plus <br/> |
| 650 ## - SUBJECT ADDED ENTRY--TOPICAL TERM | |
| Topical term or geographic name entry element | សង្រ្គាមលោក |
| Form subdivision | បដិវត្តន៍ |
| General subdivision | ប្រវត្តិសាស្រ្ត |
| 650 ## - SUBJECT ADDED ENTRY--TOPICAL TERM | |
| Topical term or geographic name entry element | World war |
| Form subdivision | Revolution |
| General subdivision | History |
| 700 ## - ADDED ENTRY--PERSONAL NAME | |
| Personal name | Jae-hwan, shin |
| Relator term | Author |
| 700 ## - ADDED ENTRY--PERSONAL NAME | |
| Personal name | Dong-ho, Jeong |
| Relator term | Author |
| 700 ## - ADDED ENTRY--PERSONAL NAME | |
| Personal name | Jae-hwan, shin |
| Relator term | illustrator |
| 700 ## - ADDED ENTRY--PERSONAL NAME | |
| Personal name | Dong-ho, Jeong |
| Relator term | illustrator |
| 700 ## - ADDED ENTRY--PERSONAL NAME | |
| Personal name | Vanda, Touch |
| Relator term | Translator |
| 942 ## - ADDED ENTRY ELEMENTS (KOHA) | |
| Source of classification or shelving scheme | Dewey Decimal Classification |
| Koha item type | Khmer Books |
| Suppress in OPAC | No |
| Withdrawn status | Lost status | Source of classification or shelving scheme | Damaged status | Not for loan | Collection | Home library | Current library | Shelving location | Date acquired | Total Checkouts | Full call number | Barcode | Date last seen | Date last checked out | Copy number | Price effective from | Koha item type |
|---|---|---|---|---|---|---|---|---|---|---|---|---|---|---|---|---|---|
| Withdrawn | Dewey Decimal Classification | Damaged | Khmer Non-Fiction / សៀវភៅខ្មែរ រឿងពិត | Footprints International School Library Network Toul Kork Campus | Footprints International School Library Network Toul Kork Campus | 09/19/2023 | 1 | YEO 902 | 2023-0669 | 02/02/2026 | 11/28/2025 | 1 | 09/19/2023 | Khmer Books | |||
| Dewey Decimal Classification | Khmer Non-Fiction / សៀវភៅខ្មែរ រឿងពិត | Footprints International School Library Network Toul Kork Campus | Footprints International School Library Network Toul Kork Campus | 09/19/2023 | YEO 902 | 2023-0670 | 09/19/2023 | 2 | 09/19/2023 | Khmer Books |
